00418 2200169 4500245005300000020002200053250001100075100002000086700001700106650001100123005001900134260003400153041001400187084001000201300002800211336000900239 aAllah , Please Forgive MecRois Al-MaududyhText a978-602-6359-41-4 aCet. 1 aRois Al-Maududy aAhmad Alawiy aAkhlak a20230210141808 aSurabayabGenta Hidayahc2017 aIndonesia a297.5 aviii, 216 hlm. :cilus. atext